| 000 | 00577nam a2200229Ia 4500 | ||
|---|---|---|---|
| 003 | OSt | ||
| 005 | 20230502092934.0 | ||
| 008 | 210423s2002 xx 000 0 und d | ||
| 020 | _a879696362 | ||
| 040 | _cAL | ||
| 041 | _aeng | ||
| 082 | _a574.87322 MICD | ||
| 100 |
_aMICKLOS (D A). _995658 |
||
| 245 | _aDNA science: first course. | ||
| 250 | _a2 | ||
| 260 |
_aNew York _bCambridge University Press _c2002 |
||
| 300 |
_a- _bPB |
||
| 365 |
_b1974 _cINR |
||
| 650 |
_aCell Biology _995659 |
||
| 906 | _acourse. ; DNA ; first ; science ; science: | ||
| 942 |
_2ddc _cBK |
||
| 999 |
_c162906 _d162906 |
||